| 000 | 00868nam a22002535a 4500 | ||
|---|---|---|---|
| 001 | 196048 | ||
| 003 | ES-MaACL | ||
| 005 | 20250428063009.0 | ||
| 008 | 240810s2022 sp ||||| |||| 00| 0 spa d | ||
| 020 | _a9798799634681 | ||
| 040 | _cES-MaACL | ||
| 100 |
_aOrtiz-Gonçalves, Belén _9238049 _eaut |
||
| 245 |
_aLo que debes conocer de la eutanasia / _cBelén Ortiz-Gonçalves. |
||
| 260 |
_aPolonia : _bAmazon, _c2022. |
||
| 300 |
_a160 pág. : _c23 cm. |
||
| 336 |
_2rdacontent _aTexto |
||
| 337 |
_2rdamedia _asin mediación |
||
| 338 |
_2rdacarrier _avolumen |
||
| 852 |
_aES-MaACL _bR.153462 _cDEPOJ _jN-9175 _hDonación: Editorial _xEncuadernación rústica _9205080 |
||
| 942 |
_cMONOGRAFIA _n0 |
||
| 999 |
_c196048 _d196048 |
||